Promoting water demand management from local to regional level : (Record no. 157950)
[ view plain ]
| 000 -LEADER | |
|---|---|
| fixed length control field | 01091nam a2200241 a 4500 |
| 008 - FIXED-LENGTH DATA ELEMENTS--GENERAL INFORMATION | |
| fixed length control field | |
| 020 ## - INTERNATIONAL STANDARD BOOK NUMBER | |
| International Standard Book Number | 1779310110 (pbk.) |
| 049 ## - LOCAL HOLDINGS (OCLC) | |
| Holding library | MAIN |
| 090 ## - LOCALLY ASSIGNED LC-TYPE CALL NUMBER (OCLC); LOCAL CALL NUMBER (RLIN) | |
| Classification number (OCLC) (R) ; Classification number, CALL (RLIN) (NR) | TD319 |
| 003 - CONTROL NUMBER IDENTIFIER | |
| control field | |
| 005 - DATE AND TIME OF LATEST TRANSACTION | |
| control field | 20230123133959.0 |
| 040 ## - CATALOGING SOURCE | |
| Transcribing agency | NUST |
| 111 2# - MAIN ENTRY--MEETING NAME | |
| Meeting name or jurisdiction name as entry element | Exchange Visit Seminar for Directors |
| Date of meeting or treaty signing | (2003 : |
| Location of meeting | Francistown, Botswana) |
| 245 10 - TITLE STATEMENT | |
| Title | Promoting water demand management from local to regional level : |
| Remainder of title | proceedings of the Exchange Visit Seminar for Directors held at Cresta Bosele, Francistown, Botswana, 9-11 July, 2003 / |
| Statement of responsibility, etc. | [edited by Carmel Lue-Mbizvo ; sponsored by German Technical Cooperation (GTZ) and Department of Water Affairs, Botswana] |
| 260 ## - PUBLICATION, DISTRIBUTION, ETC. | |
| Place of publication, distribution, etc. | Harare, Zimbabwe : |
| Name of publisher, distributor, etc. | IUCN Regional Office for Southern Africa, |
| Date of publication, distribution, etc. | 2003. |
| 300 ## - PHYSICAL DESCRIPTION | |
| Extent | iv, 98 p. : |
| Other physical details | col. ill. ; |
| Dimensions | 30 cm. |
| 504 ## - BIBLIOGRAPHY, ETC. NOTE | |
| Bibliography, etc. note | Includes bibliographical references. |
| 700 1# - ADDED ENTRY--PERSONAL NAME | |
| Personal name | Lue-Mbizvo, Carmel. |
| 710 2# - ADDED ENTRY--CORPORATE NAME | |
| Corporate name or jurisdiction name as entry element | Deutsche Gesellschaft f�ur Technische Zusammenarbeit. |
| 710 1# - ADDED ENTRY--CORPORATE NAME | |
| Corporate name or jurisdiction name as entry element | Botswana. |
| Subordinate unit | Dept. of Water Affairs. |
| 907 ## - LOCAL DATA ELEMENT G, LDG (RLIN) | |
| a | .b10160668 |
| b | 18-02-08 |
| c | 23-03-05 |
| 942 ## - ADDED ENTRY ELEMENTS (KOHA) | |
| Koha item type | Ordinary Loan Books |
| Call number prefix | TD319 |
| Date last seen | Total Checkouts | Full call number | Barcode | Cost, replacement price | Price effective from | Koha item type | Lost status | Source of classification or shelving scheme | Damaged status | Not for loan | Collection | Withdrawn status | Home library | Current library | Shelving location | Date acquired | Cost, normal purchase price |
|---|---|---|---|---|---|---|---|---|---|---|---|---|---|---|---|---|---|
| 01/23/2023 | TD319 PRO | 92003035725 | 80.00 | 01/23/2023 | BOOKS | LCC | NFIC | MAIN | MAIN | GEN | 01/23/2023 | 80.00 |